000 01296nam a22003137a 4500
001 BRCA_9316
003 FranzMayer
005 20230918115632.0
008 230816b |||||||| |||| 00| 0 eng d
020 _a1858943205
040 _aMFM
_bespañol
_cMFM
050 0 _aNA1008.5
_bL33 2006
100 1 _4Autor
_aLabaco, Ronald T.
_929056
240 _aEttore Sottsass
_hArchitect and Designer
_lenglish
245 0 _aEttore Sottsass
_bArchitect and Designer
260 _aNew York, EE.UU.
_bMerrell Publishers Limited
_c2006
300 _a160 p
_bIlustraciones a color
_c29 cm
500 _aAnexo 1
500 _aEl libro se encuentra en tapa dura y contiene una cubierta de papel encima
500 _aEl libro tiene una tarjeta con dedicatoria dentro del mismo
505 _aTexto en: inglésIncluye índice temáticoDirigido a: artistas, arquitectos, diseñadores de interiores o cualquier persona interesada en el arte
650 1 _2Arquitectura
_aHistoria de la arquitectura
_vArquitectura de Europa
_929057
651 2 _2Arquitectura de Austria
_aSiglo XX
_vEttore Sottsass
_929058
700 1 _4Cont.
_aDoordan, P. Dennis
_929059
700 1 _4Contr.
_aSparke, Penny
_929060
700 1 _4Contr.
_aSteele, James
_929061
700 1 _4Contr.
_aZaiden, Emily
_929062
942 _2lcc
_cB
999 _c10938
_d10938